000 00275nam a2200109Ia 4500
008 220204s9999 xx 000 0 und d
082 _a82-3
_bJOY
100 _aJoyce, James
245 0 _aUlysses with Ulysses: A short history
260 _aEngland
_bPenguin
_c1977
942 _cBK
999 _c29371
_d29371